Մեր հոգսերի ձմեռը : (Record no. 77179)
[ view plain ]
| 000 -LEADER | |
|---|---|
| fixed length control field | 00960nam a2200229 a 4500 |
| 001 - CONTROL NUMBER | |
| control field | 000220072 |
| 003 - CONTROL NUMBER IDENTIFIER | |
| control field | AM-YeHGA |
| 005 - DATE AND TIME OF LATEST TRANSACTION | |
| control field | 20250618071521.0 |
| 008 - FIXED-LENGTH DATA ELEMENTS--GENERAL INFORMATION | |
| fixed length control field | 030422s1978 ai 000 | arm d |
| 040 ## - CATALOGING SOURCE | |
| Original cataloging agency | AM-YeHGA |
| 090 ## - LOCALLY ASSIGNED LC-TYPE CALL NUMBER (OCLC); LOCAL CALL NUMBER (RLIN) | |
| -- | 78419 |
| 100 1# - MAIN ENTRY--PERSONAL NAME | |
| Personal name | Սթայնբեք, Ջոն |
| Dates associated with a name | 1902-1968 |
| 245 10 - TITLE STATEMENT | |
| Title | Մեր հոգսերի ձմեռը : |
| Remainder of title | Մկների ու մարդկանց մասին / |
| Statement of responsibility, etc. | Ջ. Սթայնբեք; Թարգմ.՝ Կ.Ա. Սիմոնյան; Խմբ.՝ Գ.Գ. Խաչատրյան. |
| 246 30 - VARYING FORM OF TITLE | |
| Title proper/short title | Մկների ու մարդկանց մասին |
| 260 ## - PUBLICATION, DISTRIBUTION, ETC. | |
| Place of publication, distribution, etc. | Երևան : |
| Name of publisher, distributor, etc. | Սովետական գրող, |
| Date of publication, distribution, etc. | 1978. |
| 300 ## - PHYSICAL DESCRIPTION | |
| Extent | 477 էջ ; |
| Dimensions | 21 սմ. |
| 650 14 - SUBJECT ADDED ENTRY--TOPICAL TERM | |
| Topical term or geographic name entry element | Ամերիկյան գրականություն |
| General subdivision | Վեպ |
| 650 14 - SUBJECT ADDED ENTRY--TOPICAL TERM | |
| Topical term or geographic name entry element | Ամերիկյան գրականություն |
| General subdivision | Վիպակ |
| 700 1# - ADDED ENTRY--PERSONAL NAME | |
| Personal name | Սիմոնյան, Կարեն Արամի, |
| Dates associated with a name | 1936-2018 |
| Relator term | թարգմ. |
| Relationship | trl |
| 9 (RLIN) | 8967 |
| 700 1# - ADDED ENTRY--PERSONAL NAME | |
| Personal name | Խաչատրյան, Գ.Գ. |
| Relator term | խմբ. |
| Relationship | edt |
| 942 ## - ADDED ENTRY ELEMENTS (KOHA) | |
| Source of classification or shelving scheme | Universal Decimal Classification |
| Koha item type | Գրքեր / Books |
| Withdrawn status | Lost status | Damaged status | Not for loan | Collection | Home library | Current library | Date acquired | Total checkouts | Full call number | Barcode | Date last seen | Price effective from | Koha item type | Public note |
|---|---|---|---|---|---|---|---|---|---|---|---|---|---|---|
| General | Fundamental Scientific Library | Fundamental Scientific Library | 22/12/2016 | 820 | 220061445 | 22/12/2016 | 22/12/2016 | Գրքեր / Books | 30 Days Loan | |||||
| General | Fundamental Scientific Library | Fundamental Scientific Library | 22/12/2016 | 820 | 220061827 | 22/12/2016 | 22/12/2016 | Գրքեր / Books | 30 Days Loan | |||||
| General | Fundamental Scientific Library | Fundamental Scientific Library | 22/12/2016 | 820 | 220061828 | 22/12/2016 | 22/12/2016 | Գրքեր / Books | 30 Days Loan | |||||
| General | Fundamental Scientific Library | Fundamental Scientific Library | 22/12/2016 | 820 | 220061829 | 22/12/2016 | 22/12/2016 | Գրքեր / Books | 30 Days Loan |
ՀՀ Գիտությունների ազգային ակադեմիայի հիմնարար գիտական գրադարան = Fundamental Scientific Library of NAS RA
All site content, except where otherwise noted, is licensed under a